| 000 | 01181nam a22002777a 4500 | ||
|---|---|---|---|
| 001 | 1859842 | ||
| 003 | AM-YEHGA | ||
| 005 | 20250617164552.0 | ||
| 008 | 220920s2022 ru |||||||||||||||0|rus|d | ||
| 020 | _a9785907169661 | ||
| 040 | _aAM-YeHGA | ||
| 041 | 0 |
_arus _aeng _aarm |
|
| 245 | 0 | 0 |
_aАрмянская генеалогия = _b Armenian genealogy : научный альманах / _cРедкол.: Р.М. Абрамян (отв. ред.) и др. |
| 246 | 1 | 3 | _aArmenian genealogy |
| 246 | 1 | 3 | _aՀայկական ծագումնաբանություն |
| 260 |
_aМосква : _aЕреван : _bСтарая Басманная, _c2022- |
||
| 300 | _aтом | ||
| 500 | _aДанные тит. л. парал. на англ. и арм. яз. | ||
| 505 | 1 | 0 |
_gТ. 1 (2022, 303 с. : ил., цв. ил., портр., табл., факс.) : _gТ. 2 (2023; 419 с.) |
| 650 | 1 | 4 | _aГенеология армян |
| 650 | 1 | 4 | _aИсточниковедение |
| 650 | 1 | 4 | _aИстория и родословная отдельных семей, родов - Армения |
| 700 | 1 |
_aАбрамян, Р.М. _eред. _4edt |
|
| 942 |
_2udc _cBK |
||
| 090 | _c563311 | ||
| 999 |
_c525958 _d525958 |
||